El papel de la educacion en la proteccion, cuidado y apoyo a los huerfanos y los niños vulnerables que viven en un mundo con VIH y Sida /
Kaydedildi:
| Müşterek Yazar: | |
|---|---|
| Materyal Türü: | Kitap |
| Dil: | Spanish |
| Baskı/Yayın Bilgisi: |
Francia :
IIPE,
2005
|
| Konular: | |
| Etiketler: |
Etiketle
Etiket eklenmemiş, İlk siz ekleyin!
|
MARC
| LEADER | 00000nam a2200000Ia 4500 | ||
|---|---|---|---|
| 008 | 180712b2005 fr ||||| |||| 00| | spa d | ||
| 999 | |c 2187 |d 2187 | ||
| 090 | |a 15.04.02 |b 1713 | ||
| 110 | |a Instituto Internacional de Planeamiento de la Educacion (IIPE) UNESCO |9 4025 | ||
| 245 | 1 | 3 | |a El papel de la educacion en la proteccion, cuidado y apoyo a los huerfanos y los niños vulnerables que viven en un mundo con VIH y Sida / |c Instituto Internacional de Planeamiento de la Educacion (IIPE) |
| 260 | |a Francia : |b IIPE, |c 2005 | ||
| 300 | |a 45 páginas | ||
| 650 | 1 | 4 | |a SIDA |9 70 |
| 650 | 1 | 4 | |a EDUCACIÓN |9 1 |
| 650 | 1 | 4 | |a NIÑOS |9 59 |
| 942 | |i 002972 |h 15.04.02 1713 |2 z |c 01 | ||
